<?xml version="1.0" encoding="UTF-8"?>
<record
    xmlns:xsi="http://www.w3.org/2001/XMLSchema-instance"
    xsi:schemaLocation="http://www.loc.gov/MARC21/slim http://www.loc.gov/standards/marcxml/schema/MARC21slim.xsd"
    xmlns="http://www.loc.gov/MARC21/slim">

  <leader>02982nam0a2200469   4500</leader>
  <controlfield tag="001">RU\NLR\BIBL_A\011499307</controlfield>
  <controlfield tag="005">20260406003244.0</controlfield>
  <datafield tag="010" ind1=" " ind2=" ">
    <subfield code="a">978-5-89580-080-080-5</subfield>
  </datafield>
  <datafield tag="035" ind1=" " ind2=" ">
    <subfield code="a">(NILC)LIBNET\0000571138</subfield>
  </datafield>
  <datafield tag="035" ind1=" " ind2=" ">
    <subfield code="a">RSLA\BIBL\0000266731</subfield>
  </datafield>
  <datafield tag="035" ind1=" " ind2=" ">
    <subfield code="a">(NLR Aleph) 011499307</subfield>
  </datafield>
  <datafield tag="090" ind1=" " ind2=" ">
    <subfield code="a">11988739</subfield>
    <subfield code="c">11988739</subfield>
  </datafield>
  <datafield tag="100" ind1=" " ind2=" ">
    <subfield code="a">20171018d2015    |||y0rusy50      ca</subfield>
  </datafield>
  <datafield tag="101" ind1="0" ind2=" ">
    <subfield code="a">rus</subfield>
    <subfield code="d">eng</subfield>
  </datafield>
  <datafield tag="102" ind1=" " ind2=" ">
    <subfield code="a">RU</subfield>
  </datafield>
  <datafield tag="105" ind1=" " ind2=" ">
    <subfield code="a">ach z   001zd</subfield>
  </datafield>
  <datafield tag="200" ind1="1" ind2=" ">
    <subfield code="a">&#x413;&#x435;&#x43E;&#x440;&#x433;&#x438;&#x439; &#x42F;&#x43A;&#x443;&#x43B;&#x43E;&#x432;- &#x43C;&#x430;&#x441;&#x442;&#x435;&#x440; &#x440;&#x430;&#x437;&#x43D;&#x43E;&#x446;&#x432;&#x435;&#x442;&#x43D;&#x44B;&#x445; &#x441;&#x43E;&#x43B;&#x43D;&#x446;</subfield>
    <subfield code="e">[&#x43A;&#x430;&#x442;&#x430;&#x43B;&#x43E;&#x433; &#x432;&#x44B;&#x441;&#x442;&#x430;&#x432;&#x43A;&#x438;, &#x41C;&#x43E;&#x441;&#x43A;&#x432;&#x430;, 21 &#x430;&#x43F;&#x440;&#x435;&#x43B;&#x44F; - 19 &#x438;&#x44E;&#x43B;&#x44F; 2015</subfield>
    <subfield code="f">&#x413;&#x43E;&#x441;&#x443;&#x434;&#x430;&#x440;&#x441;&#x442;&#x432;&#x435;&#x43D;&#x43D;&#x430;&#x44F; &#x422;&#x440;&#x435;&#x442;&#x44C;&#x44F;&#x43A;&#x43E;&#x432;&#x441;&#x43A;&#x430;&#x44F; &#x433;&#x430;&#x43B;&#x435;&#x440;&#x435;&#x44F;</subfield>
    <subfield code="g">&#x441;&#x43E;&#x441;&#x442;&#x430;&#x432;&#x438;&#x442;&#x435;&#x43B;&#x438;, &#x430;&#x432;&#x442;&#x43E;&#x440;&#x44B; &#x430;&#x43D;&#x43D;&#x43E;&#x442;&#x430;&#x446;&#x438;&#x439; &#x438; &#x43A;&#x43E;&#x43C;&#x43C;&#x435;&#x43D;&#x442;&#x430;&#x440;&#x438;&#x435;&#x432; &#x43A; &#x43F;&#x440;&#x43E;&#x438;&#x437;&#x432;&#x435;&#x434;&#x435;&#x43D;&#x438;&#x44F;&#x43C;: &#x418;. &#x410;. &#x412;&#x430;&#x43A;&#x430;&#x440;, &#x422;. &#x41D;. &#x41C;&#x438;&#x445;&#x438;&#x435;&#x43D;&#x43A;&#x43E;</subfield>
    <subfield code="g">&#x430;&#x432;&#x442;&#x43E;&#x440;&#x44B; &#x441;&#x442;&#x430;&#x442;&#x435;&#x439;: &#x410;. &#x420;. &#x410;&#x440;&#x443;&#x442;&#x44E;&#x43D;&#x44F;&#x43D; &#x438; &#x434;&#x440;.]</subfield>
  </datafield>
  <datafield tag="210" ind1=" " ind2=" ">
    <subfield code="a">&#x41C;&#x43E;&#x441;&#x43A;&#x432;&#x430;</subfield>
    <subfield code="c">&#x413;&#x43E;&#x441;&#x443;&#x434;&#x430;&#x440;&#x441;&#x442;&#x432;&#x435;&#x43D;&#x43D;&#x430;&#x44F; &#x422;&#x440;&#x435;&#x442;&#x44C;&#x44F;&#x43A;&#x43E;&#x432;&#x441;&#x43A;&#x430;&#x44F; &#x433;&#x430;&#x43B;&#x435;&#x440;&#x435;&#x44F;</subfield>
    <subfield code="d">2015</subfield>
  </datafield>
  <datafield tag="215" ind1=" " ind2=" ">
    <subfield code="a">317, [1] &#x441;.</subfield>
    <subfield code="c">&#x438;&#x43B;., &#x446;&#x432;. &#x438;&#x43B;., &#x43F;&#x43E;&#x440;&#x442;&#x440;., &#x444;&#x430;&#x43A;&#x441;.</subfield>
    <subfield code="d">28</subfield>
  </datafield>
  <datafield tag="300" ind1=" " ind2=" ">
    <subfield code="a">&#x420;&#x435;&#x437;. &#x430;&#x43D;&#x433;&#x43B;.</subfield>
  </datafield>
  <datafield tag="320" ind1=" " ind2=" ">
    <subfield code="a">&#x411;&#x438;&#x431;&#x43B;&#x438;&#x43E;&#x433;&#x440;. &#x432; &#x43F;&#x43E;&#x434;&#x441;&#x442;&#x440;&#x43E;&#x447;. &#x43F;&#x440;&#x438;&#x43C;&#x435;&#x447;. &#x438; &#x432; &#x442;&#x435;&#x43A;&#x441;&#x442;&#x435;</subfield>
  </datafield>
  <datafield tag="320" ind1=" " ind2=" ">
    <subfield code="a">&#x418;&#x43C;&#x435;&#x43D;. &#x443;&#x43A;&#x430;&#x437;.: &#x441;. 312-313</subfield>
  </datafield>
  <datafield tag="600" ind1=" " ind2="1">
    <subfield code="a">&#x42F;&#x43A;&#x443;&#x43B;&#x43E;&#x432;</subfield>
    <subfield code="b">&#x413;. &#x411;.</subfield>
    <subfield code="f">1884 - 1928</subfield>
    <subfield code="g">&#x413;&#x435;&#x43E;&#x440;&#x433;&#x438;&#x439; &#x411;&#x43E;&#x433;&#x434;&#x430;&#x43D;&#x43E;&#x432;&#x438;&#x447;</subfield>
    <subfield code="j">&#x41A;&#x430;&#x442;&#x430;&#x43B;&#x43E;&#x433;&#x438;</subfield>
    <subfield code="x">&#x412;&#x44B;&#x441;&#x442;&#x430;&#x432;&#x43A;&#x438;</subfield>
    <subfield code="y">&#x41C;&#x43E;&#x441;&#x43A;&#x432;&#x430;, &#x433;&#x43E;&#x440;&#x43E;&#x434;</subfield>
    <subfield code="z">2015</subfield>
    <subfield code="9">2361743</subfield>
    <subfield code="3">RU\NLR\AUTH\6601632581</subfield>
  </datafield>
  <datafield tag="601" ind1="0" ind2="2">
    <subfield code="a">&#x413;&#x43E;&#x441;&#x443;&#x434;&#x430;&#x440;&#x441;&#x442;&#x432;&#x435;&#x43D;&#x43D;&#x430;&#x44F; &#x422;&#x440;&#x435;&#x442;&#x44C;&#x44F;&#x43A;&#x43E;&#x432;&#x441;&#x43A;&#x430;&#x44F; &#x433;&#x430;&#x43B;&#x435;&#x440;&#x435;&#x44F; &#x43D;&#x430; &#x41A;&#x440;&#x44B;&#x43C;&#x441;&#x43A;&#x43E;&#x43C; &#x432;&#x430;&#x43B;&#x443;</subfield>
    <subfield code="c">&#x41C;&#x43E;&#x441;&#x43A;&#x432;&#x430;, &#x433;&#x43E;&#x440;&#x43E;&#x434;</subfield>
    <subfield code="j">&#x41A;&#x430;&#x442;&#x430;&#x43B;&#x43E;&#x433;&#x438;</subfield>
    <subfield code="x">&#x412;&#x44B;&#x441;&#x442;&#x430;&#x432;&#x43A;&#x438;</subfield>
    <subfield code="z">2015</subfield>
    <subfield code="9">2361739</subfield>
    <subfield code="3">RU\NLR\AUTH\6601632579</subfield>
  </datafield>
  <datafield tag="686" ind1=" " ind2=" ">
    <subfield code="a">85.143(2)6-8&#x42F;&#x43A;&#x443;&#x43B;&#x43E;&#x432; &#x413;.&#x411;. &#x44F;26&#x44F;61</subfield>
    <subfield code="v">LBC/M</subfield>
    <subfield code="2">rubbk</subfield>
  </datafield>
  <datafield tag="686" ind1=" " ind2=" ">
    <subfield code="a">85.146.3(2)6-8&#x42F;&#x43A;&#x443;&#x43B;&#x43E;&#x432; &#x413;.&#x411;. &#x44F;26&#x44F;61</subfield>
    <subfield code="v">LBC/M</subfield>
    <subfield code="2">rubbk</subfield>
  </datafield>
  <datafield tag="686" ind1=" " ind2=" ">
    <subfield code="a">85.153(2)-8&#x42F;&#x43A;&#x443;&#x43B;&#x43E;&#x432; &#x413;.&#x411;.&#x44F;26&#x44F;61</subfield>
    <subfield code="v">LBC/M</subfield>
    <subfield code="2">rubbk</subfield>
  </datafield>
  <datafield tag="686" ind1=" " ind2=" ">
    <subfield code="a">85.113(2)-8&#x42F;&#x43A;&#x443;&#x43B;&#x43E;&#x432; &#x413;.&#x411;.&#x44F;26&#x44F;61</subfield>
    <subfield code="v">LBC/M</subfield>
    <subfield code="2">rubbk</subfield>
  </datafield>
  <datafield tag="686" ind1="1" ind2=" ">
    <subfield code="a">&#x429;143(2&#x410;&#x440;)7-8&#x42F;&#x43A;&#x443;&#x43B;&#x43E;&#x432; &#x43B;62</subfield>
  </datafield>
  <datafield tag="686" ind1="1" ind2=" ">
    <subfield code="a">&#x429;101.3(2&#x420;)-2&#x41C;&#x43E;&#x441;&#x43A;&#x432;&#x430;2&#x413;&#x43E;&#x441;&#x443;&#x434;&#x430;&#x440;&#x441;&#x442;&#x432;&#x435;&#x43D;&#x43D;&#x430;&#x44F; &#x422;&#x440;&#x435;&#x442;&#x44C;&#x44F;&#x43A;&#x43E;&#x432;&#x441;&#x43A;&#x430;&#x44F; &#x433;&#x430;&#x43B;&#x435;&#x440;&#x435;&#x44F; &#x43D;&#x430; &#x41A;&#x440;&#x44B;&#x43C;&#x441;&#x43A;&#x43E;&#x43C; &#x412;&#x430;&#x43B;&#x443; &#x43B;62</subfield>
  </datafield>
  <datafield tag="702" ind1=" " ind2="1">
    <subfield code="4">570</subfield>
    <subfield code="8">rus</subfield>
    <subfield code="7">ca</subfield>
    <subfield code="a">&#x42F;&#x43A;&#x443;&#x43B;&#x43E;&#x432;</subfield>
    <subfield code="b">&#x413;. &#x411;.</subfield>
    <subfield code="f">1884-1928</subfield>
    <subfield code="g">&#x413;&#x435;&#x43E;&#x440;&#x433;&#x438;&#x439; &#x411;&#x43E;&#x433;&#x434;&#x430;&#x43D;&#x43E;&#x432;&#x438;&#x447;</subfield>
    <subfield code="3">RU\NLR\AUTH\77112792</subfield>
    <subfield code="9">95717</subfield>
  </datafield>
  <datafield tag="702" ind1=" " ind2="1">
    <subfield code="a">&#x412;&#x430;&#x43A;&#x430;&#x440;</subfield>
    <subfield code="b">&#x418;. &#x410;.</subfield>
    <subfield code="g">&#x418;&#x440;&#x438;&#x43D;&#x430; &#x410;&#x43D;&#x430;&#x442;&#x43E;&#x43B;&#x44C;&#x435;&#x432;&#x43D;&#x430;</subfield>
    <subfield code="4">220</subfield>
  </datafield>
  <datafield tag="711" ind1="1" ind2="2">
    <subfield code="a">"&#x413;&#x435;&#x43E;&#x440;&#x433;&#x438;&#x439; &#x42F;&#x43A;&#x443;&#x43B;&#x43E;&#x432; - &#x43C;&#x430;&#x441;&#x442;&#x435;&#x440; &#x440;&#x430;&#x437;&#x43D;&#x43E;&#x446;&#x432;&#x435;&#x442;&#x43D;&#x44B;&#x445; &#x441;&#x43E;&#x43B;&#x43D;&#x446;", &#x432;&#x44B;&#x441;&#x442;&#x430;&#x432;&#x43A;&#x430;</subfield>
    <subfield code="e">&#x41C;&#x43E;&#x441;&#x43A;&#x432;&#x430;</subfield>
    <subfield code="f">2015</subfield>
    <subfield code="9">595848</subfield>
    <subfield code="3">RU\NLR\AUTH\880466916</subfield>
  </datafield>
  <datafield tag="711" ind1="1" ind2="2">
    <subfield code="a">"&#x413;&#x435;&#x43E;&#x440;&#x433;&#x438;&#x439; &#x42F;&#x43A;&#x443;&#x43B;&#x43E;&#x432; - &#x43C;&#x430;&#x441;&#x442;&#x435;&#x440; &#x440;&#x430;&#x437;&#x43D;&#x43E;&#x446;&#x432;&#x435;&#x442;&#x43D;&#x44B;&#x445; &#x441;&#x43E;&#x43B;&#x43D;&#x446;", &#x432;&#x44B;&#x441;&#x442;&#x430;&#x432;&#x43A;&#x430;</subfield>
    <subfield code="e">&#x41C;&#x43E;&#x441;&#x43A;&#x432;&#x430;</subfield>
    <subfield code="f">2015</subfield>
  </datafield>
  <datafield tag="801" ind1=" " ind2="0">
    <subfield code="a">RU</subfield>
    <subfield code="b">&#x420;&#x413;&#x411;&#x418;</subfield>
    <subfield code="c">20150716</subfield>
    <subfield code="g">rcr</subfield>
  </datafield>
  <datafield tag="801" ind1=" " ind2="1">
    <subfield code="a">RU</subfield>
    <subfield code="b">&#x420;&#x413;&#x411;&#x418;</subfield>
    <subfield code="c">20150716</subfield>
  </datafield>
  <datafield tag="942" ind1=" " ind2=" ">
    <subfield code="c">BOOK</subfield>
  </datafield>
  <datafield tag="980" ind1=" " ind2=" ">
    <subfield code="a">NB</subfield>
  </datafield>
  <datafield tag="995" ind1=" " ind2=" ">
    <subfield code="5">2017-10-18</subfield>
    <subfield code="a">aa</subfield>
    <subfield code="b">NLR02</subfield>
    <subfield code="c">NLR02</subfield>
    <subfield code="e">EST</subfield>
    <subfield code="f">1-2215521</subfield>
    <subfield code="k">&#x42D; &#x41A;&#x41F;/&#x42F;494</subfield>
    <subfield code="o">0</subfield>
    <subfield code="p">2380.00</subfield>
    <subfield code="r">BOOK</subfield>
    <subfield code="s">_494</subfield>
  </datafield>
  <datafield tag="995" ind1=" " ind2=" ">
    <subfield code="5">2018-03-29</subfield>
    <subfield code="b">NLR01</subfield>
    <subfield code="c">NLR01</subfield>
    <subfield code="e">ZGL</subfield>
    <subfield code="f">ERR-115014</subfield>
    <subfield code="o">0</subfield>
    <subfield code="p">0.00</subfield>
    <subfield code="r">BOOK</subfield>
  </datafield>
</record>
